Click the Scientist - Statistics

General Stats
  • This quiz has been taken 33 times
    19 since last reset
  • The average score is 19 of 30
Answer Stats
Hint Answer % Correct
Developed the Theory of Relativity, or E=mc^2 Albert Einstein
100%
Invented the phonograph and carbon filaments in lightbulbs Thomas Edison
100%
Theory of evolution and natural selection Charles Darwin
94%
Developed the Three Laws of Motion and universal law of gravitation Isaac Newton
94%
Considered "father of the atomic bomb" J. Robert Oppenheimer
94%
Father of computer science, broke the Nazi Enigma code Alan Turing
88%
Equation describing wave function; Cat thought experiment Erwin Schrödinger
88%
Famous artist, engineer, sculptor, and inventor from the Renaissance Leonardo da Vinci
88%
Discovered polonium & radium; Theory of Radioactivity Marie Curie
88%
Developed numerous theories on black holes; wrote A Brief History of Time Stephen Hawking
88%
Inventor of dynamite Alfred Nobel
81%
Spent 60 years working with chimpanzees in Tanzania Jane Goodall
81%
Came up with the concepts of the unconscious mind, dreams analysis, Id, Ego, and Superego Sigmund Freud
81%
Discovered four moons of Jupiter, lunar mountains, sunspots, and Venus's phases Galileo Galilei
75%
Considered the greatest scientist of antiquity Archimedes
63%
Creator of the heliocentric (Sun-centered) model of the universe Nicolaus Copernicus/Aristarchus
63%
Created in a model in which electrons occupy fixed orbits around the nucleus Niels Bohr
63%
Worked on the modern AC and hydroelectric power system Nikola Tesla
56%
Discovered the nucleus of an atom Ernest Rutherford
44%
Developed more than 300 uses for peanuts, soybeans, and sweet potatoes George Washington Carver
44%
Discovered the double helix structure in DNA Rosalind Franklin
44%
Developed the theory of Pangea and continental drift Alfred Wegener
38%
Creator of the world's first quantum reactor Enrico Fermi
38%
Measured the circumference of the Earth Eratosthenes
38%
Modern scientists who is famous in modern science media Neil deGrasse Tyson
38%
Developed the uncertainty principle Werner Heisenberg
38%
Developed the modern scientific method Francis Bacon
25%
Creator of the geocentric (Earth-centered) model of the universe Ptolemy
25%
Wrote Silent Spring, addressing the dangers of pesticides Rachel Carson
25%
Invented the cyclotron; Known for his work on uranium-isotope separation Ernest Lawrence
13%
No matching quizzes found
Score Distribution
Percent of People with Each Score
Percentile by Number Answered
Your Score History
You have not taken this quiz since the last reset